| 000 | 00749nam a2200265Ia 4500 | ||
|---|---|---|---|
| 003 | OSt | ||
| 005 | 20220927103248.0 | ||
| 006 | a|||||r|||| 00| 0 | ||
| 007 | ta | ||
| 008 | 220926b |||||||| |||| 00| 0 eng d | ||
| 024 | _a112415 | ||
| 037 | _cReference Collections | ||
| 040 |
_aRTL _cRTL _beng |
||
| 041 |
_2eng _aeng |
||
| 082 | _a"J:1(E4), J3/UN" | ||
| 100 |
_aGreene H _9355961 |
||
| 245 | 0 | _aUsing salty land | |
| 250 | _a2nd | ||
| 260 |
_aRome _bFood and Agriculture Organization _c1953 |
||
| 300 |
_a53p. _ccm. |
||
| 490 | _a"Food and Agriculture Organization, Agricultural Studies. 3." | ||
| 650 |
_aAgriculture _9355962 |
||
| 942 |
_h"J:1(E4), J3/UN" _cCC |
||
| 999 |
_c682241 _d682241 |
||